Statistics for NBA Players Colleges HARD

Click here to take the quiz!

General Stats

  • This quiz has been taken 163 times
    (94 since last reset)
  • The average score is 5 of 15

Answer Stats

PlayersCollege% Correct
Damian LillardWeber St
81%
C.J. McCollumLehigh
73%
Alex LenMaryland
49%
Chris MullinSt John's
46%
Meyers LeonardIllinois
41%
Derrick FavorsGeorgia Tech
37%
Elfird PaytonLouisiana
34%
Alec BurksColorado
25%
Dell CurryVirginia Tech
25%
Brandon HunterOhio
14%
Alonzo GeeAlabama
13%
J.J. BareaNortheastern
13%
Michael CooperNew Mexico
8%
Ian ClarkBelmont
4%
Dick BarnettTennessee St
0%

Score Distribution

Percentile by Number Answered

Percent of People with Each Score

Your Score History

You have not taken this quiz since the last reset